[Event "Washington Class Championships"]
[Site "SeaTac City, WA"]
[Date "2011.11.25"]
[Round "2"]
[White "Sarathy Manoj  (WA)"]
[Black "Whitmer Audrey  (WA)"]
[Result "1-0"]
[WhiteElo "1071"]
[BlackElo "861"]
[Annotator ""]
[Source ""]
[Remark "E"]

1.e4 e5 2.Nf3 Nc6 3.Bc4 Nf6 4.d3 Bc5 5.O-O d6 6.h3 Qe7 7.Bg5
h6 8.Bh4 Be6  9.Bb3 Bxb3 10.axb3 Bb6 11.Nc3 Qe6 12.Qe2
O-O 13.Bxf6 Qxf6 14.Nd5 Qg6 15.Nxb6 axb6 16.Nh4 Qg5 17.Nf5 Ne7
18.h4 Qf6 19.Nxe7+ Qxe7 20.Qg4 Qf6 21.f4 exf4 22.Rab1 g5 23.Rxf4
{??} ( 23.hxg5 hxg5 24.g3 {=} ) Qg7 {??} ( 23...Qxf4 24.Qxf4
gxf4 $19 ) 24.hxg5 hxg5 25.Rf5 f6 26.d4 Qg6 27.e5 dxe5 28.dxe5
Rae8 29.exf6 Qf7 30.Rxg5+ Kh8 31.Rh5+ Qh7 32.Qg7# 1-0

[Event "Washington Class Championships"]
[Site "SeaTac City, WA"]
[Date "2011.11.25"]
[Round "2"]
[White "Mellott Michael  (WA)"]
[Black "Farny Andreas  (WA)"]
[Result "0-1"]
[WhiteElo "1181"]
[BlackElo "738"]
[Annotator ""]
[Source ""]
[Remark "E"]

1.Nf3 d5 2.c4 c6 3.b3 Bf5 4.Bb2 Nd7 5.g3 Ngf6 6.Nc3  e5
7.d4 e4 8.Nd2 Bd6 9.e3 O-O 10.Bg2 Re8 11.O-O Rc8 12.c5 Bc7 13.Qe1
Ba5 14.f4 exf3 15.Rxf3 Bg4 16.Rf2 Qe7 17.e4 Bxc3 18.Bxc3 dxe4
19.Nc4 e3 20.Rxf6 {?} Nxf6 21.Ne5 e2 22.h3 Bh5 23.g4 Bg6 24.Qxe2
Nd7 25.Re1 Nxe5 26.dxe5 Rcd8 27.b4 Rd3 28.Bb2 f6 29.e6 h6 30.h4
Rdd8 ( 30...Red8 ) 31.Qe3 Bh7 32.g5 fxg5 33.hxg5 Qxg5 34.Qb3
Kh8 35.Re5 Qg6 36.e7 Rd7 37.Re6 Qf7 38.Qc3 Rdxe7 39.Rxh6 Re1+
40.Kh2 Qf4+ 41.Qg3 Qxh6+ 42.Qh3 Qxh3+ 0-1

[Event "Washington Class Championships"]
[Site "SeaTac City, WA"]
[Date "2011.11.25"]
[Round "3"]
[White "Hwa Howard  (WA)"]
[Black "Sims LeBron  (WA)"]
[Result "1-0"]
[WhiteElo "1052"]
[BlackElo "1095"]
[Annotator ""]
[Source ""]
[Remark "E"]

1.d4 d6 2.Nf3 e6 3.c4 a6 4.Nc3 Nf6 ( 4...f6 5.e4 g6 6.Be2 Bh6
7.O-O b6 8.Qd3 Bb7 9.Bxh6 Nxh6 10.Nd2 Nf7 11.f4 Qe7 12.Bg4 Nd7
13.Qh3 Nf8 14.Rae1 h5 15.Bd1 O-O-O 16.Nd5 Bxd5 17.exd5 Nh6 18.dxe6
Nf5 19.Qf3 Kb8 20.Qd5 Ka7 21.Bf3 c6 22.Qxc6 Nxd4 23.Qd5 Nc2 24.Re2
f5 25.a3 g5 26.fxg5 f4 27.Be4 Ne3 28.Rxe3 Nxe6 29.Ree1 Nxg5 30.Rxf4
Rhg8 31.Kh1 Qg7 32.Ref1 Rd7 33.h4 Nxe4 34.Qxe4 Re7 35.Qd5 Qg3
36.Qf3 {1-0, Vanderhallen Nicolas (BEL) 2082 - Van Vliet Gert-Jan, Hengelo (Netherlands) 2003}
) 5.Bg5 Nbd7 6.e4 h6 7.Bxf6 Nxf6 8.Be2 Be7 9.Qc2 O-O 10.h3 c6
11.O-O-O Bd7 12.g4 b5 13.Nd2 d5 14.e5 Ne8 15.c5 Bg5 16.Rdf1 Bxd2+
17.Qxd2 b4 18.Na4 a5 19.h4 b3 20.a3 Nc7 21.Nb6 Ra7 22.Qc3 a4
23.f4 Na8 24.Nxd7 Qxd7 25.h5 f6 26.exf6 Rxf6 27.g5 hxg5 28.fxg5
Rf8 29.Rxf8+ Kxf8 30.g6 Qd8 31.Qe3 Ke7 32.Qe5 Ke8 33.Qxe6+ Re7
34.Qxc6+ Rd7 35.Qe6+ Re7 36.Qg8+ Kd7 37.Bb5+ Kc7 38.Qxd8+ Kxd8
39.h6 gxh6 40.Rxh6 Nc7 41.Rh8+ Ne8 42.Bxe8 Re1+ 43.Kd2 Rg1 44.Bxa4+
Ke7 45.Be8 Rg2+ 46.Kc3 Rg3+ 47.Kb4 Kf6 48.c6 Rg4 49.Kxb3 Rxd4
50.Rh3 Re4 51.Bf7 Rc4 52.Rc3 Re4 53.Bxd5 Re7 54.c7 Rd7 55.c8Q
Rxd5 56.Qc6+ Ke5 57.Qxd5+ Kxd5 58.g7 1-0

[Event "Washington Class Championships"]
[Site "SeaTac City, WA"]
[Date "2011.11.25"]
[Round "4"]
[White "Naess Sara  (WA)"]
[Black "Huston Drew  (WA)"]
[Result "1-0"]
[WhiteElo "1012"]
[BlackElo "569"]
[Annotator ""]
[Source ""]
[Remark "E"]

1.e4 c5 2.Nf3 d6 3.d4 cxd4 4.Nxd4 Nf6 5.Nc3 g6 6.f3 Bg7 7.Be3
Nc6 8.Qd2 O-O 9.O-O-O Nxd4 10.Bxd4 Be6 11.g4 Rc8 12.h4 Ne8 
13.Bxg7 Kxg7 14.h5 g5 15.Qxg5+ Kh8 16.Qh4 Qa5 17.g5 Rxc3 18.bxc3
Qa3+ 19.Kd2 Ng7 20.g6 f6 21.h6 Ne8 22.g7+ Kg8 23.gxf8Q+ Kxf8
24.Bh3 Nc7 25.Bxe6 Nxe6 26.Rhg1 Kf7 27.Qg4 Ke8 28.Qxe6 Kd8 29.Rg7
Kc7 30.Rxe7+ Kc6 31.Qc8+ Kb5 32.Qxb7+ Kc4 33.Rc7+ Qc5 34.Qa6# 1-0

[Event "Washington Class Championships"]
[Site "SeaTac City, WA"]
[Date "2011.11.26"]
[Round "4"]
[White "Sims LeBron  (WA)"]
[Black "Doknjas Neil  (CAN)"]
[Result "0-1"]
[WhiteElo "1095"]
[BlackElo "904"]
[Annotator ""]
[Source ""]
[Remark "E"]

1.e4 e5 2.Bc4 Nc6 3.Nc3 Nf6 4.d3 Bc5 5.Bg5 O-O 6.Nd5 Be7 7.Nxf6+
 Bxf6 8.Bxf6 Qxf6 9.Nf3 d6 10.Qe2 Be6 11.O-O-O Qf4+ 12.Kb1
Bxc4 13.dxc4 f5 14.g3 Qg4 15.h3 Qh5 16.exf5 Qxf5 17.Rd3 e4 18.Rd5
exf3 19.Qe3 Qg6 20.a3 Rae8 21.Qg5 Qxg5 22.Rxg5 Nd4 23.Rd5 Ne6
24.h4 Nc5 25.h5 Re2 26.Rh4 Rxf2 27.b4 Nd7 28.c5 Rf1+ 29.Kb2 f2
30.cxd6 Re1 31.dxc7 f1Q 32.Rhd4 Re7 33.Rxd7 Rxd7 34.Rxd7 Qf6+
35.c3 Qc6 36.Re7 Rc8 37.h6 gxh6 38.Kb3 Rxc7 39.Re5 Qxc3+ 40.Ka4
Qxe5 41.g4 Rc3 42.g5 a6 43.b5 Qxb5# 0-1

[Event "Washington Class Championships"]
[Site "SeaTac City, WA"]
[Date "2011.11.27"]
[Round "6"]
[White "Farny Andreas  (WA)"]
[Black "Kannan Aditya  (WA)"]
[Result "1-0"]
[WhiteElo "738"]
[BlackElo "1005"]
[Annotator ""]
[Source ""]
[Remark "E"]

1.d4 Nf6 2.c4 g6 3.Nf3 Bg7 4.Nc3 d6 5.e4 O-O 6.Bd3 c5 7.d5 e6
8.O-O exd5 9.cxd5 Bg4 10.Bg5 Nbd7 11.h3 Bxf3 12.Qxf3 Ne5 13.Qg3
 h6 14.Bd2 Nh5 15.Qe3 Qg5 16.f4 Nxf4 17.Rxf4 c4 18.Bc2
Bf6 19.Raf1 Bd8 20.R4f2 Bb6 21.Qxb6 axb6 22.Bxg5 hxg5 23.Rf6
Nd7 24.Rxd6 Ne5 25.Rxb6 Rab8 26.Nd1 Kg7 27.Ne3 Rfc8 28.Rb4 c3
29.b3 Rc7 30.Nc4 Nxc4 31.Rxc4 Rxc4 32.bxc4 Rc8 33.Bb3 Re8 34.d6
Rd8 35.c5 f6 36.Rc1 c2 37.Rxc2 Kf8 38.Bd5 1-0

[Event "Washington Class Championships"]
[Site "SeaTac City, WA"]
[Date "2011.11.27"]
[Round "5"]
[White "Haining Breck  (WA)"]
[Black "Farny Andreas  (WA)"]
[Result "1/2-1/2"]
[WhiteElo "1114"]
[BlackElo "738"]
[Annotator ""]
[Source ""]
[Remark "E"]

1.e4 c5 2.Nf3 Nc6 3.c3 g6 4.d4 cxd4 5.cxd4 Bg7 6.Be3 d6 7.Nc3
Nf6 8.h3 Bd7  9.Bc4 O-O 10.O-O Rc8 11.a3 e5 12.d5 Na5
13.Ba2 b6 14.b4 {?} Rxc3 15.bxa5 Rxa3 16.axb6 axb6 17.Nd2 Ra4
18.Qc2 Qc8 19.Bb3 Qxc2 20.Bxc2 Rb4 21.Rfb1 Rxb1+ 22.Rxb1 b5 23.Bd3
Rb8 24.Kf1 Nh5 25.Ba7 Rb7 26.Be3 Nf4 27.Bc2 b4 {?}
( 27...Rc7 28.Bd1 f5 29.Be2 Rc2 30.f3 Nxe2 31.Kxe2 
Ra2 {-1.98|d19 Shredder 9.11} ) 28.Nc4
Bf8 29.Bd2 Kg7 30.Rxb4 Rxb4 31.Bxb4 Bb5 32.Bb3 Bxc4+ 33.Bxc4
Kf6 34.f3 Kg5 35.Be1 Kf6 36.h4 g5 37.g3 Ng6 38.hxg5+ Kxg5 39.Bd2+
Kf6 40.Kg2 Be7 41.f4 Kg7 42.Kf3 h5 43.Bf1 h4 44.f5 Nf8 45.g4
Nh7 46.Kg2 Bg5 47.Bb4 Be7 48.Bd3 Kf8 49.Kh3 Kg7 50.Bc2 Kh6 51.Bd2+
Bg5 1/2-1/2

[Event "Washington Class Championships"]
[Site "SeaTac City, WA"]
[Date "2011.11.26"]
[Round "3"]
[White "Haining Breck  (WA)"]
[Black "Yang Richard  (WA)"]
[Result "1/2-1/2"]
[WhiteElo "1114"]
[BlackElo "922"]
[Annotator ""]
[Source ""]
[Remark "E"]

1.e4 e5 2.Nf3 Nc6 3.Bb5 Nf6 4.Nc3 Bb4 5.d3 d6 6.Bd2 Bg4 7.h3
Bh5 ( 7...Bh5 8.a3 Ba5 9.g4 Bg6 10.Qe2 h6 11.O-O-O Qd7 12.Rdg1
Bxc3 13.Bxc3 O-O-O 14.Nd2 Qe8 15.Qe3 a6 16.Ba4 Qd7 17.d4 b5 18.Bb3
exd4 19.Bxd4 Nxd4 20.Qxd4 c5 21.Qe3 c4 22.Ba2 Rhe8 23.f3 Re7
{1/2-1/2, Roesch Christiane - Bohne Yvonne (GER), Speyer (Germany) 1997}
) 8.g4 Bg6 9.Nd5 Bc5 10.Qe2 O-O 11.Bg5 Nd4 12.Nxd4 Bxd4 13.O-O-O
c6 14.Nxf6+ gxf6 15.Bh6 cxb5 16.Bxf8 Qxf8 17.c3 Qh6+ 18.Kb1 Bb6
19.Qf3 Qg7 20.h4 h6 21.g5 fxg5 22.hxg5 hxg5 23.Rh2 f6 24.Rdh1
Kf7 25.Qg4 Rd8 26.f3 a5 27.Rd1 d5 28.d4 dxe4 29.fxe4 exd4 30.Rhd2
Re8 31.Qd7+ Kf8 32.Qd6+ Qe7 33.Qxb6 Qxe4+ 34.Ka1 dxc3 {?} 35.Qxf6+
Kg8 36.Qxc3 ( 36.Rd6 ) Qe1 37.b3 {?} ( 37.Qf6 Qe6 38.Qxg5 {+-} )
Qe4 38.Qd4 Qf5 39.Qd5+ Qf7 40.Qxf7+ ( 40.Qxg5 ) Bxf7 41.Rg1 Re5
42.Kb2 b4 43.Rdg2 Kf8 44.Rxg5 Re2+ 45.Ka1 a4 46.R5g2 Rxg2 47.Rxg2
axb3 48.axb3 Bxb3 49.Rb2 Bd5 50.Rxb4 Ke7 51.Kb2 Kd6 52.Kc3 Kc6
53.Kd4 b6 54.Rb2 Bf3 55.Rb4 b5 56.Rb3 Be2 57.Rb2 Bc4 58.Rb4 Bd5
59.Rb2 Bc4 60.Rb1 1/2-1/2

[Event "Washington Class Championships"]
[Site "SeaTac City, WA"]
[Date "2011.11.26"]
[Round "2"]
[White "Naess Sara  (WA)"]
[Black "Hwa Howard  (WA)"]
[Result "1/2-1/2"]
[WhiteElo "1012"]
[BlackElo "1052"]
[Annotator ""]
[Source ""]
[Remark "E"]

1.e4 d6 2.d4 Nf6 3.Nc3 g6 4.Be3 Bg7 5.f3 Nbd7 6.Qd2 O-O 7.O-O-O
Re8 8.g4 h5  9.gxh5 Nxh5 10.Nge2 e5 11.d5 Nf8 12.Ng3 Qh4
{??} 13.Bg5 Bh6 14.Bxh6 ( 14.Bxh4 Bxd2+ 15.Rxd2 ) Nxg3 15.Rg1
( 15.hxg3 Qxh1 16.Bb5 Qxf3 17.Bxe8 ) Nxf1 16.Rdxf1 Nh7 17.f4
{??} Qxh6 18.f5 Qxd2+ 19.Kxd2 Kg7 20.fxg6 fxg6 21.Rg3 Bd7 22.Ne2
Rf8 23.Rfg1 g5 24.h4 g4 25.R3g2 Nf6 26.Ng3 Rh8 27.h5 Kh6 28.Rf2
Raf8 29.Rgf1 Kg7 30.a4 c6 31.b4 cxd5 32.exd5 Rh6 33.c4 b6 34.Ke3
Nxd5+ {??} 35.cxd5 Rxf2 36.Rxf2 Bxa4 37.Nf5+ Kh7 38.Nxh6 Kxh6
39.Rf6+ Kxh5 40.Kf2 Kg5 41.Rxd6 Bb3 42.Rd7 a6 43.Re7 Kf6 44.Re6+
Kf5 45.Rxb6 Bxd5 46.Rxa6 Bf3 47.Ra3 Kf4 48.b5 e4 49.Ra4 g3+ 50.Kg1
Ke5 51.Ra2 e3 52.b6 e2 53.Rxe2+ Kd6 54.Rc2 Bc6 55.Rb2 1/2-1/2

[Event "Washington Class Championships"]
[Site "SeaTac City, WA"]
[Date "2011.11.27"]
[Round "6"]
[White "Naess Sara  (WA)"]
[Black "Yang Richard  (WA)"]
[Result "1-0"]
[WhiteElo "1012"]
[BlackElo "922"]
[Annotator ""]
[Source ""]
[Remark "E"]

1.e4 e5 2.Nf3 Nc6 3.d4 exd4 4.Nxd4 Nxd4 5.Qxd4 Qf6 6.Be3 Qxd4
7.Bxd4 Nf6 8.Nc3 Bb4 9.f3 d6 ( 9...d5 10.Bd3 dxe4 11.fxe4 Bxc3+
12.Bxc3 O-O 13.O-O Nd7 14.Rae1 b6 15.e5 Bb7 16.Bc4 Kh8 17.e6
fxe6 18.Bxe6 Rxf1+ 19.Rxf1 Nc5 20.Bc4 Be4 21.Be5 Bxc2 22.Bxc7
Rc8 23.Be5 Nd7 24.Be6 Rd8 25.Bxd7 h6 26.Bf5 Bxf5 27.Rxf5 Kh7
28.Rf7 Rd1+ 29.Kf2 Rd2+ 30.Kf3 Rd3+ 31.Ke4 Rd2 32.Rxg7+ Kh8 33.Rd7+
Kg8 34.Rxd2 {1-0, Schroeder Marcel - Glek Alexandra, Dortmund (Germany) 2000}
) 10.O-O-O Be6 11.Bxf6 gxf6 12.Nd5 Bxd5 13.Rxd5 h5 14.Bc4 Bc5
15.Re1 c6 16.Rf5 b5 17.Bb3 Ke7 18.f4 Bd4 19.c3 Bf2 20.Re2 Bg1
21.e5 dxe5 22.fxe5 fxe5 23.Rfxe5+ Kf8 24.h3 Bh2 25.Rf5 Rh7 26.Ref2
Bg1 27.R2f3 Ke7 28.Rxf7+ Rxf7 29.Rxf7+ Kd6 30.Rh7 Rf8 31.Rf7
Be3+ 32.Kd1 Rxf7 33.Bxf7 Ke5 34.Bxh5 Kf4 35.Be8 c5 36.Bxb5 Kg3
37.Bc6 Bg1 38.c4 Kf4 39.b3 Bf2 40.Kc2 Ke3 41.Kb2 Kd3 42.Ka3 Kc3
43.g4 Bh4 44.Ka4 Kb2 45.a3 Kc3 46.Bd5 Be7 47.h4 {?!} Bxh4 48.b4
Be7 49.bxc5 Bxc5 50.g5 Bf8 51.g6 Kd4 52.Kb5 Ke5 53.a4 Kf6 54.Bf7
Kg7 55.Ka6 Bc5 56.Kb5 Bb6 57.c5 Bc7 58.Ka6 Be5 59.c6 Bb8 60.Kb7
Be5 61.Kxa7 Bd4+ 62.Kb7 Be5 63.c7 Bxc7 64.Kxc7 Kf6 65.a5 Kg7
66.a6 Kf6 67.a7 Kg7 68.a8Q Kf6 69.Qe4 Kg7 70.Qe5+ ( 70.Qh4 Kf8
71.Qh8+ Ke7 72.Qd8# ) Kf8 71.Qh8+ Ke7 72.g7 Kf6 73.g8Q+ Kf5 74.Qh5+
Kf6 75.Qd8+ Kg7 76.Qg6# 1-0